000 00414nam a2200169Ia 4500
008 230524s9999 xx 000 0 und d
020 _a9780070226322
082 _a5.2762
_bHOL
100 _aSteven Holzner
245 4 _aThe Complete Reference PHP
250 _a1
260 _aNew Delhi
_bMGH
_c2018
300 _a"xviii,590p;"
500 _aQuantity Number: 10
650 _aComputer Science
942 _cBK
999 _c59498
_d59498